ARRUPE JESUIT UNIVERSITY

CORONAVIRUS -STOP THE SPREAD - CLEAN,DISINFECT,COVER

Nature loves to hide : (Record no. 120667)

MARC details
000 -LEADER
fixed length control field 00956cam a2200289 a 4500
001 - CONTROL NUMBER
control field 17431744
003 - CONTROL NUMBER IDENTIFIER
control field ARRUPE
005 - DATE AND TIME OF LATEST TRANSACTION
control field 20140606171306.0
008 - FIXED-LENGTH DATA ELEMENTS--GENERAL INFORMATION
fixed length control field 120815s2012 njua b 001 0 eng
010 ## - LIBRARY OF CONGRESS CONTROL NUMBER
LC control number 2012470035
020 ## - INTERNATIONAL STANDARD BOOK NUMBER
International Standard Book Number 9789814324564
020 ## - INTERNATIONAL STANDARD BOOK NUMBER
International Standard Book Number 9814324566
040 ## - CATALOGING SOURCE
Original cataloging agency DLC
Transcribing agency DLC
Modifying agency DLC
042 ## - AUTHENTICATION CODE
Authentication code pcc
050 00 - LIBRARY OF CONGRESS CALL NUMBER
Classification number QC174.12
Item number .M34 2012
082 00 - DEWEY DECIMAL CLASSIFICATION NUMBER
Classification number 530.12
Edition number 23
300 ## - PHYSICAL DESCRIPTION
Other physical details ill. ;
Dimensions 25 cm.
100 1# - MAIN ENTRY--PERSONAL NAME
Personal name Malin, Shimon,
Dates associated with a name 1937-
9 (RLIN) 10729
245 10 - TITLE STATEMENT
Title Nature loves to hide :
Remainder of title quantum physics and the nature of reality, a western perspective /
Statement of responsibility, etc Shimon Malin.
250 ## - EDITION STATEMENT
Edition statement Rev. ed.
260 ## - PUBLICATION, DISTRIBUTION, ETC. (IMPRINT)
Place of publication, distribution, etc New Jersey :
Name of publisher, distributor, etc World Scientific,
Date of publication, distribution, etc c2012.
300 ## - PHYSICAL DESCRIPTION
Extent xv, 290 p. :
504 ## - BIBLIOGRAPHY, ETC. NOTE
Bibliography, etc Includes bibliographical references (p. 275-277) and index.
650 #0 - SUBJECT ADDED ENTRY--TOPICAL TERM
Topical term or geographic name as entry element Quantum theory
General subdivision Philosophy.
9 (RLIN) 10730
906 ## - LOCAL DATA ELEMENT F, LDF (RLIN)
a 7
b cbc
c origcop
d 2
e ncip
f 20
g y-gencatlg
942 ## - ADDED ENTRY ELEMENTS (KOHA)
Source of classification or shelving scheme Library of Congress Classification
Koha item type Monograph ( Printed materials)
Holdings
Withdrawn status Lost status Source of classification or shelving scheme Damaged status Not for loan Collection code Home library Current library Shelving location Date acquired Total Checkouts Full call number Barcode Date last seen Date checked out Price effective from Koha item type
    Library of Congress Classification     Main Collection ARRUPE LIBRARY ARRUPE LIBRARY Main Collection 06/06/2014 1 QC174.12 .M34 2012 46500000624 04/12/2019 20/11/2019 06/06/2014 Monograph ( Printed materials)

 

Arrupe Library. PO Box MP320 Mt Pleasant, Harare, Zimbabwe
263 242 745411|librarian@aju.ac.zw